Biochemistry (Record no. 22726)

MARC details
000 -LEADER
fixed length control field 00383nam a22001817a 4500
003 - CONTROL NUMBER IDENTIFIER
control field SGT
020 ## - INTERNATIONAL STANDARD BOOK NUMBER
International Standard Book Number 9788131264355
082 ## - DEWEY DECIMAL CLASSIFICATION NUMBER
Classification number 612.015
Item number B21S
100 ## - MAIN ENTRY--PERSONAL NAME
Personal name Satyanarayan, U.
245 ## - TITLE STATEMENT
Title Biochemistry
250 ## - EDITION STATEMENT
Edition statement 6th
260 ## - PUBLICATION, DISTRIBUTION, ETC. (IMPRINT)
Name of publisher, distributor, etc Elsevier
Year of Publication 2021
300 ## - PAGE DESCRIPTION
No. of Pages 777
650 ## - SUBJECT ADDED ENTRY--TOPICAL TERM
Topical term or geographic name as entry element Biochemistry
653 ## - KEYWORDS--INDEX TERM
Keyword term Biochemistry
700 ## - ADDED ENTRY--PERSONAL NAME
Personal name Chakrapani, U.
942 ## - ADDED ENTRY ELEMENTS (KOHA)
Source of classification or shelving scheme Dewey Decimal Classification
Koha item type Books
942 ## - ADDED ENTRY ELEMENTS (KOHA)
-- 80
Holdings
Withdrawn status Lost status Source of classification or shelving scheme Damaged status Not for loan Home library Current library Date acquired Vendor Name Cost, normal purchase price SGTU Bill Number Total Checkouts Total Renewals Full call number Accession No. (Barcode) Date last seen Date last borrowed Bill Date Koha item type
    Dewey Decimal Classification     SGT Dental Library SGT Dental Library 18/05/2022 Ahuja Book Co. Pvt. Ltd. 1595.00 SGTU 14353 21 4 612.015 B21S FD8702 19/06/2025 19/06/2025 16/04/2022 Books
    Dewey Decimal Classification     SGT Dental Library SGT Dental Library 18/05/2022 Ahuja Book Co. Pvt. Ltd. 1595.00 SGTU 14353 25   612.015 B21S FD8704 04/06/2026 04/06/2026 16/04/2022 Books
    Dewey Decimal Classification     SGT Dental Library SGT Dental Library 18/05/2022 Ahuja Book Co. Pvt. Ltd. 1595.00 SGTU 14353 22   612.015 B21S FD8705 08/08/2025 08/08/2025 16/04/2022 Books
    Dewey Decimal Classification     SGT Dental Library SGT Dental Library 18/05/2022 Ahuja Book Co. Pvt. Ltd. 1595.00 SGTU 14353 13   612.015 B21S FD8706 18/07/2024 18/07/2024 16/04/2022 Books
    Dewey Decimal Classification     SGT Dental Library SGT FA-FP Library 18/05/2022 Ahuja Book Co. Pvt. Ltd. 1595.00 SGTU 14353 21   612.015 B21S FD8703 18/04/2025 18/04/2025 16/04/2022 Books